MDQL
is popping MORE tags! Check the
thread
!
Quizzes
Events
Quiz Creation
Community
Videos
Private Events
Remove Ads
Sign In
Join for FREE
Feedback
Dark Mode
Quiz Categories
Sports
Geography
Music
Movies
Television
Just For Fun
Miscellaneous
History
Literature
Language
Science
Gaming
Entertainment
Religion
Holiday
For Kids
Quiz Lab
Recent
Popular Today
Quiz Kudos Today
Editor Picks
Curator Picks
Quizzes by...
Day
Popularity
Type
Ratings
Length
Year
Community
Subscriptions
Recent Discussions
Orange Saloon
Badges
Playlists
Quests
Create
Leaderboards
Showdown
Live 5
Trivia Bingo
Activity
Puzzle Library
Sporcle Events
Private Events
Virtual Trivia
Globe League
Become a Host
Pub Owners
SporcleCon
Opinionation
Our Games
Videos
Blog
Mobile Apps
Partnerships
Remove Ads and Go Orange
Feedback
Music
Pop Music
The Beatles
Song
Album
Lyrics
Bands
Singers
Artist
Clip
Rock
Rap
Classical
Billboard
Country Music
Kpop
Taylor Swift
Music
Pop Music
The Beatles
Song
Album
Lyrics
Bands
Singers
Artist
Clip
Rock
Rap
Classical
Billboard
Country Music
Kpop
Taylor Swift
Random Quiz
Search Sporcle
×
Quiz Lab
Quiz Lab
Music
Lyrics
Type in answers that appear in a list
Type in answers that appear in a list
Classic
Best Score? Go Orange.
Epic Rap Battles - Ghostbusters vs. Mythbusters Stats
Can you name the Epic Rap Battles - Ghostbusters vs. Mythbusters
By
mythicalbeast
10m
295 Questions
320 Plays
320 Plays
320 Plays
Comments
Comments
Give Quiz Kudos
Give Quiz Kudos
-
- Ratings
hide this ad
Replay
Link that replays current quiz
Next Quiz
Link to next quiz in quiz playlist
You Got
0%
They Got
Avg Score
78%
Avg Friend Score
Upgrade to see
Score Distribution
Jump to the score distribution portion of the page
Score
0/295
Timer
10:00
0
Plays Today
Hint
Lyric
% Correct
and
98.4%
the
98.4%
a
98.4%
the
98.4%
the
98.4%
the
98.4%
the
98.4%
a
98.4%
The
98.4%
the
98.4%
and
98.4%
a
98.4%
98.4%
the
98.4%
The
98.4%
and
98.4%
a
98.4%
the
98.4%
a
98.4%
a
98.4%
And
98.4%
a
98.4%
And
98.4%
the
98.4%
and
98.4%
the
98.4%
the
98.4%
a
98.4%
And
98.4%
the
98.4%
the
98.4%
you
95.6%
you
95.6%
you
95.6%
you
95.6%
you
95.6%
You
95.6%
you
95.6%
you
95.6%
You
95.6%
you
95.6%
I
95.3%
to
92.5%
to
92.5%
to
92.5%
to
92.5%
to
92.5%
Ghostbusters
Are
91.6%
in
91.6%
in
91.6%
are
91.6%
in
91.6%
in
91.6%
are
91.6%
in
91.6%
of
91.3%
of
91.3%
of
91.3%
of
91.3%
be
90.9%
we
90.9%
We
90.9%
be
90.9%
we
90.9%
we
90.9%
We
90.9%
We
90.9%
we
90.9%
we
90.9%
be
90.9%
do
90.3%
do
90.3%
do
90.3%
do
90.3%
like
89.7%
like
89.7%
like
89.7%
like
89.7%
Like
89.7%
like
89.7%
like
89.7%
with
88.8%
with
88.8%
with
88.8%
Man
87.8%
man
87.8%
on
87.5%
on
87.5%
got
85.6%
gotta
85.6%
your
85.6%
your
85.6%
your
85.6%
Your
85.6%
your
85.6%
got
85.6%
your
85.6%
your
85.6%
your
85.6%
Hint
Lyric
% Correct
it
85.3%
it
85.3%
it
85.3%
Who
84.1%
Ghostbusters
83.8%
Give
83.4%
give
83.4%
one!
82.5%
just
82.5%
just
82.5%
us
82.2%
call
82.2%
us
82.2%
me
82.2%
show
82.2%
it's
82.2%
It's
82.2%
Let's
82.2%
show
82.2%
show
82.2%
It's
82.2%
It's
82.2%
If
81.6%
We're
81.6%
em
81.6%
all
81.6%
em
81.6%
two
81.3%
explosions
81.3%
get
81.3%
Get
81.3%
I'm
81.3%
Discovery
81.3%
get
81.3%
ready
80.6%
my
80.6%
Channel
80.6%
Twinkie
80.3%
fluff
80.3%
filler
80.3%
boring
80%
crashes?
80%
tired
79.7%
Tell
79.7%
killer
79.7%
kidding
79.4%
bust
79.1%
defeat
79.1%
bout
79.1%
that
79.1%
Savage
78.8%
can
78.4%
manage
78.4%
job
78.4%
done
78.4%
some
78.4%
too
78.1%
rap
78.1%
mustaches?
77.8%
handle
77.5%
Flow
77.2%
back
77.2%
back
77.2%
wanna
76.9%
Mythbusters
Wow
76.9%
geeks
76.6%
or
76.6%
kick
76.6%
That's
76.6%
that's
76.6%
Ghostbusters
That's
76.6%
out
76.3%
no
76.3%
out
76.3%
Lorax
75.9%
I'll
75.6%
is
75.6%
crushers
75.3%
up
75.3%
up!
75.3%
spores
75%
raps
75%
right
74.7%
from
74.7%
from
74.7%
shady
74.4%
collect
74.1%
beat
73.8%
wack
73.8%
built
73.8%
safety
73.8%
switch
73.8%
was
73.8%
beat
73.8%
s**t
73.4%
don't
73.1%
how
73.1%
lyrics
72.8%
Walter
72.8%
Hint
Lyric
% Correct
Statue
72.5%
laser
72.5%
science
72.2%
fact
72.2%
Liberty
71.9%
Slinky
71.9%
react
71.9%
main
71.3%
confirmed
71.3%
battle?
70.9%
grid
70.9%
these
70.9%
down
70.9%
Spitting
70.6%
burned
70.3%
town
70%
we'll
69.7%
Cause
69.7%
thing
69.4%
work
69.4%
clown
69.4%
work
69.4%
synopsis
68.1%
strapped
68.1%
scientists
67.8%
firehouse
67.5%
poor
67.5%
people
67.2%
moving
67.2%
this
67.2%
Good
67.2%
d***less
67.2%
Positrons
66.9%
starting
66.6%
Peck
66.6%
walrus
66.3%
myth
66.3%
b****hes
66.3%
vacuum
65.9%
but
65.9%
enough
65.6%
slow
65.6%
*ss
65.3%
*ss
65.3%
Try
65%
motion
64.7%
episode
64.4%
cleaners
62.8%
opposite
62.2%
time
62.2%
dead
62.2%
bring
61.9%
real
61.6%
straight
60.9%
Mythbusters + B Team
Ghosts
60.9%
aren't
60.9%
Stantz
60.6%
said
60.6%
B team
60.3%
you're
59.7%
hiney
59.4%
came
59.4%
saw
59.4%
should
59.4%
preposterous
59.1%
kicked
59.1%
stands
58.1%
delivery
57.8%
stick
57.2%
process
56.9%
scenes
56.9%
High
56.6%
behind
56.6%
while
55.6%
Grab
55.3%
test
55%
crashed
55%
cross
54.7%
dummy
54.7%
getting
54.7%
shows
54.4%
streams
54.4%
speed
54.1%
(smoking)
53.4%
when
53.4%
both
53.1%
Heat
51.6%
(hold!)
50.9%
hosts
50.9%
blockbusters
50%
competent
49.4%
roast
49.4%
our
48.8%
couldn't fit any more :( type x
FINISH
48.8%
man's
48.4%
flows
46.6%
Pumping
40.9%
Quiz Playlist
Details
Report
Send in Message
Add To Playlist
Classic:
Type in answers that appear in a list
Last Updated: Feb 16, 2017
Quiz Scoreboard
CHALLENGE
Sign Up to Join the Scoreboard
Show All
Scores
Hide
Comments
May contain spoilers
Recently Published
Find the 'City' Movie
by crazypaving
Movies
60s
5x2 Blitz: Bands
by SL_Kpop136
Music
30s
Colored Red Africa Blitz
by spor1
Geography
30s
More to Explore
Quiz From the Vault
Featured Blog Post
14 Easter Pick-up Lines to Find Eggs With
hide this ad
You Might Also Like...
Tags
Lyrics Quiz
Epic Rap Battles of History
Ghostbusters
Mythbusters
Rap Lyrics
Today's Top Quizzes in Music
Browse Music
hide this ad
Today's Top Quizzes in Lyrics
Browse Lyrics
Top Contributed Quizzes in Music
1
5X2 Blitz: Bands II
2
5X2 Blitz: The Beatles
3
Taylor Swift All Songs (2024)
4
5X2 Blitz: Billboard
5
Taylor Swift Logic Puzzle II
6
5X2 Blitz: Billboard II
7
5X2 Blitz: Singers
8
5X2 Blitz: Album
9
5X2 Blitz: Rock
10
5X2 Blitz: Lyrics
Explore More
Trending Topics
Disney
NBA
Anime
Harry Potter
Marvel
Kpop
Crossword
Country
Pokémon
Song
The Office
NFL
WWE
Puzzle
Soccer
hide this ad
More By:
mythicalbeast
Quiz
Plays
Rating
Category
Featured
Created
Rhett and Link OCD song - finish the lyrics
1,267
4.22
Entertainment
Sep 21, 2014
After Ever After Lyrics - Part I
1,245
4.71
Music
Oct 14, 2014
TF2 Stock Weapons
1,198
4.50
Gaming
Nov 4, 2014
Rhett Or Link?
1,158
5.00
Entertainment
Sep 21, 2014
After Ever After Lyrics - Part II
816
5.00
Music
Oct 14, 2014
Go to Creator's Profile
Score Distribution
Quiz Creator Spotlight
mythicalbeast
Follow
Send a Message
Quizzes Created
-
Created Quiz Play Count
-
More By This Creator
Popular Quizzes Today
1
Colored Red Africa Blitz
2
Find the 'City' Movie
3
Find the US States - No Outlines Minefield
4
5x2 Blitz: Bands
5
The Countries of the World
6
Find the US States
7
US States
8
Find the Countries of Europe - No Outlines Minefield
More Music Quizzes
WayV by Birthday
Quiz Lab
Trending Quizzes
Colored Red Europe Blitz I
Colored Red Europe Blitz II
Colored Red Africa Blitz II
Colored Red Europe Blitz III
Colored Red Africa Blitz III
Recently Updated
How Do You Spell That?
pecheneg
Godzilla Movies
pecheneg
Grab Bag: 4-10 Letters
pecheneg
2024 March Madness Bracket
pecheneg
Famous TV Couples
Peacemaker
Champions League XIs: Real Madrid
pecheneg
Largest US Cities 1790-2010
pecheneg
Rides in Walt Disney World
pecheneg
Most Oscar Losses (Acting)
pecheneg
Beyoncé Albums
pecheneg
Trending Topics
Marvel
Crossword
Harry Potter
Kpop
Anime
Disney
NBA
WWE
Pokémon
The Office
Country
Song
Soccer
NFL
Puzzle
Your Account Isn't Verified!
In order to create a playlist on Sporcle, you need to verify the email address you used during registration. Go to your
Sporcle Settings
to finish the process.
Report this User
Report this user for behavior that violates our
Community Guidelines
.
Details:
Send Report
Go to the Sporcle.com Mobile Site →
Comments